Aprender de la evidencia

Detalles Bibliográficos
Autor principal: Cr̀denas, Sergio
Otros Autores: Gonzl̀ez, Jos ̌Danilo, Ramr̕ez, Edgar
Formato: eBook
Lenguaje:español
Publicado: Bogot:̀ Universidad de Los Andes (Colombia), 2022
Materias:
Acceso en línea:Acceso restringido

MARC

LEADER 00000nam a22000007a 4500
005 20221012222145.0
007 cr|||| ||||
008 221012s2022 co |||||s|||| 00||0 spa|d
020 |a 978-958-798-277-0 
035 |a 37397 
040 |a vLex 
090 |c 14022  |d 14022 
100 1 |a Cr̀denas, Sergio 
245 1 0 |a Aprender de la evidencia  |h [Recurso electrn̤ico] /  |c Sergio Cr̀denas, Jos ̌Danilo Gonzl̀ez, Edgar Ramr̕ez 
256 |a Servicio en ln̕ea 
260 |a Bogot:̀  |b Universidad de Los Andes (Colombia),  |c 2022 
300 |a 1 recurso electrn̤ico 
506 1 |a Disponible solo en los productos indicados  |d vLex Global  |d vLex Global (Academic Edition, excluding Law Schools)  |d vLex Global (U.S. Academic Edition, Law Schools)  |d vLex Global (U.S. Academic Edition, excluding Law Schools)  |d vLex Global (Academic Edition, Law Schools) 
650 0 4 |a Derecho Pb︢lico y Administrativo  |z Colombia 
700 1 |a Gonzl̀ez, Jos ̌Danilo 
700 1 |a Ramr̕ez, Edgar 
740 0 |a vLex Libros (Servicio en ln̕ea) 
856 4 0 |u https://app.vlex.com/#/sources/37397  |z Acceso restringido 
942 |c BOOK 
999 0 |a Public and Administrative Law